| 000 | 01084nam a2200301 i 4500 | ||
|---|---|---|---|
| 001 | 193424 | ||
| 003 | SpMaBN | ||
| 005 | 20231201063001.0 | ||
| 007 | ta | ||
| 008 | 120403s1927 sp | |||| 000 0 spa | ||
| 035 | _a(OCoLC)851138498 | ||
| 040 |
_aSpMaBN _bspa _cSpMaBN _erdc |
||
| 080 | _a272-282.4 | ||
| 100 | 1 |
_aAstete, Gaspar, _d1537-1601 _0XX1148603 _9140628 _eaut |
|
| 245 | 1 | 0 |
_aCatecismo de la doctrina cristiana / _cpor el P. Astete de la Compañía de Jesús ; nuevamente arreglado por el P. Remigio Vilariño, S. J. |
| 260 |
_aBilbao : _bAdministración de El Mensajero del Corazón de Jesús, _c1927 |
||
| 300 |
_a64 páginas ; _c14 cm |
||
| 336 |
_aTexto (visual) _2isbdcontent |
||
| 337 |
_asin mediación _2isbdmedia |
||
| 338 |
_2rdacarrier _avolumen |
||
| 655 | 7 |
_aCatecismos _2tgfbne _9234608 |
|
| 700 | 1 |
_aVilariño, Remigio, _d1865-1939 _9114818 _epbl |
|
| 852 |
_aES-MaACL _cDEPOF _j2333-F-31 _9200886 _hDonativo |
||
| 942 |
_n0 _cFOLLETOS |
||
| 999 |
_c193424 _d193424 |
||